| 000 | 01067nam0a22003131 4500 | ||
|---|---|---|---|
| 001 | RU\NLR\INFOCOMM_41\5000241247 | ||
| 005 | 20250613085858.0 | ||
| 035 | _a(NLR Aleph) 009045618 | ||
| 090 |
_a9560919 _c9560919 |
||
| 100 | _a20080821d1986 |||y0rusy50 ca | ||
| 101 | 1 |
_aeng _crus |
|
| 102 | _aRU | ||
| 105 | _aa z 000zy | ||
| 200 | 1 |
_aIntegrated circuits _fT. Agakhanyan _gtransl. from the Russ. by P. S. Ivanov |
|
| 205 | _aRev. from the 1983 Russ. ed. | ||
| 210 |
_aΜ. _cMir _d1986 |
||
| 215 |
_a599 с. _cил. _d21 см |
||
| 300 | _aВ вып. дан.: Интегральные микросхемы / Татевос Мамиконович Агаханян | ||
| 320 | _aБиблиогр.: с. 580-589 | ||
| 517 | 1 | _aИнтегральные микросхемы | |
| 686 |
_aЗ844.15 _2rubbk |
||
| 700 | 1 |
_9z01790 _aAgachanjan _bT. M. _f1924- _gTatevos Mamikonovič _4070 |
|
| 790 | 1 |
_9z01700 _aAgakhanyan _bT. _4070 |
|
| 801 | 1 |
_aRU _bNLR _c20080821 |
|
| 801 | 0 |
_aRU _bNLR _gPSBO |
|
| 852 |
_aNLR _jТ95 Д-3/278 |
||
| 942 | _cBOOK | ||
| 980 | _aNB | ||